Entre la tradición y la modernidad: la diversión pública en las localidades rurales de San José (1880-1930) /
Presenta un estudio sobre la forma en que se desarrollaron y evolucionaron las diversiones públicas en las localidades cafetaleras ubicadas en los alrededores de San José. Localiza comunidades como San Vicente de Moravia entre los años de 1880 y 1930. El trabajo inicia con la descripción de la cotid...
Guardado en:
| Autor principal: | |
|---|---|
| Formato: | Texto |
| Materias: | |
| Etiquetas: |
Agregar Etiqueta
Sin Etiquetas, Sea el primero en etiquetar este registro!
|
MARC
| LEADER | 00000 a a2200000 04500 | ||
|---|---|---|---|
| 001 | 15398 | ||
| 003 | |||
| 040 | |||
| 100 | |a Enríquez Solano, Francisco | ||
| 245 | |a Entre la tradición y la modernidad: |b la diversión pública en las localidades rurales de San José (1880-1930) / |c Francisco Enríquez Solano | ||
| 520 | |a Presenta un estudio sobre la forma en que se desarrollaron y evolucionaron las diversiones públicas en las localidades cafetaleras ubicadas en los alrededores de San José. Localiza comunidades como San Vicente de Moravia entre los años de 1880 y 1930. El trabajo inicia con la descripción de la cotidianidad de un día domingo estudia la forma de cómo se dan las actividades de la cultura popular local como paseos y veladas |a así como también se explica la inserción de la cultura urbana en el medio rural con actividades propias de la cultura de masas como el fútbol y el cine. REV/LCL | ||
| 650 | |a PUB.IIS | ||
| 650 | |a CULTURA POPULAR | ||
| 650 | |a CULTURA TRADICIONAL | ||
| 650 | |a CAMBIO CULTURAL | ||
| 650 | |a ZONAS RURALES | ||
| 773 | |g volumen 43, número 89; páginas 69-83 | ||
| 999 | |c 20555 |d 20555 | ||
